Two-Word Capital Cities - Statistics

General Stats
  • This quiz has been taken 398 times
    385 since last reset
  • The average score is 19 of 30
Answer Stats
Capital % Correct
Mexico City
83%
Port-au-Prince
82%
Guatemala City
78%
Buenos Aires
74%
Panama City
74%
New Delhi
72%
Santo Domingo
72%
Port-of-Spain
70%
San Jose
70%
San Marino
70%
Port Moresby
68%
Kuwait City
67%
San Salvador
67%
Vatican City
67%
Abu Dhabi
66%
Addis Ababa
65%
Kuala Lumpur
64%
La Paz
63%
Cape Town
61%
Andorra la Vella
60%
Port Louis
58%
St John's
56%
Port Vila
55%
Porto-Novo
54%
São Tomé
54%
Bandar Seri Begawan
51%
St George's
51%
Phnom Penh
48%
Sri Jayewardenepura Kotte
40%
South Tarawa
26%
No matching quizzes found
Score Distribution
Percent of People with Each Score
Percentile by Number Answered
Your Score History
You have not taken this quiz since the last reset